Simulating Normal and Arrhythmic Dynamics: From Sub-Cellular to Tissue and Organ Level (Record no. 30657)
[ view plain ]
| 000 -LEADER | |
|---|---|
| fixed length control field | 00690nam a2200133Ia 4500 |
| 008 - FIXED-LENGTH DATA ELEMENTS--GENERAL INFORMATION | |
| fixed length control field | 220620s9999||||xx |||||||||||||| ||und|| |
| 020 ## - INTERNATIONAL STANDARD BOOK NUMBER | |
| International Standard Book Number | 9782890000000 |
| 245 #0 - TITLE STATEMENT | |
| Title | Simulating Normal and Arrhythmic Dynamics: From Sub-Cellular to Tissue and Organ Level |
| 546 ## - LANGUAGE NOTE | |
| Language note | English[eng] |
| 650 ## - SUBJECT ADDED ENTRY--TOPICAL TERM | |
| Topical term or geographic name entry element | Arrhythmia (heart rhythm disorders)||Computational Cardiology||Physiological rhythms||excitable media||Multiscale modeling and simulation |
| 700 ## - ADDED ENTRY--PERSONAL NAME | |
| Personal name | Dierckx, Hans||Fenton, Flavio H.||Filippi, Simonetta||Pumir, Alain||Sridhar, S. |
| 856 ## - ELECTRONIC LOCATION AND ACCESS | |
| Uniform Resource Identifier | <a href="https://www.frontiersin.org/research-topics/5967/simulating-normal-and-arrhythmic-dynamics-from-sub-cellular-to-tissue-and-organ-level">https://www.frontiersin.org/research-topics/5967/simulating-normal-and-arrhythmic-dynamics-from-sub-cellular-to-tissue-and-organ-level</a> |
| 942 ## - ADDED ENTRY ELEMENTS (KOHA) | |
| Koha item type | E-Books |
| Withdrawn status | Lost status | Damaged status | Not for loan | Home library | Current library | Date acquired | Total Checkouts | Date last seen | Price effective from | Koha item type |
|---|---|---|---|---|---|---|---|---|---|---|
| Kerala University of Digital Sciences, Innovation and Technology Knowledge Centre | Kerala University of Digital Sciences, Innovation and Technology Knowledge Centre | 20/06/2022 | 20/06/2022 | 20/06/2022 | E-Books |